000 00439nam a2200181Ia 4500
003 GCL
008 140319s9999 xx 000 0 eng d
040 _aGCL /
_cGCL
082 0 4 _a649.1
_bS N
100 1 _aSTONE, JEFF
245 1 0 _aNURSERY /
_cSTONE, JEFF
700 1 _aGROSS, KIM JOHNSON
260 _a[S.N] :
_bTHAMES AND HUDSON ،
_c1994
300 _a104 P P
650 0 4 _aNURSERIES
650 0 4 _aCHILD - CARE
942 _2ddc
_cBK
999 _c12029
_d12029